|
|
|
|
| LEADER |
00000nam0a2200000 4500 |
| 001 |
234702 |
| 005 |
20231101231337.0 |
| 035 |
|
|
|a (RuTPU)RU\TPU\book\255828
|
| 090 |
|
|
|a 234702
|
| 100 |
|
|
|a 20130328d1962 k y0rusy50 ca
|
| 101 |
0 |
|
|a rus
|
| 102 |
|
|
|a RU
|
| 105 |
|
|
|a a z 001zy
|
| 200 |
1 |
|
|a Измерение параметров антенно-фридерных устройств
|f А. З. Фрадин, Е. В. Рыжков
|
| 210 |
|
|
|a Москва
|c Связьиздат
|d 1962
|
| 215 |
|
|
|a 316 с.
|c ил.
|
| 320 |
|
|
|a Библиогр.: с. 312-331.
|
| 606 |
1 |
|
|a Антенные устройства
|2 stltpush
|3 (RuTPU)RU\TPU\subj\29206
|9 52590
|
| 610 |
1 |
|
|a антенно-фидерные устройства
|
| 610 |
1 |
|
|a параметры
|
| 610 |
1 |
|
|a измерение
|
| 610 |
1 |
|
|a резонансные методы
|
| 610 |
1 |
|
|a мостовые методы
|
| 610 |
1 |
|
|a измерительные линии
|
| 610 |
1 |
|
|a рефлектометры
|
| 610 |
1 |
|
|a фидерные системы
|
| 675 |
|
|
|a 621.396.67
|v 3
|
| 700 |
|
1 |
|a Фрадин
|b А. З.
|g Афроим Зеликович
|
| 701 |
|
1 |
|a Рыжков
|b Е. В.
|g Евгений Васильевич
|
| 801 |
|
1 |
|a RU
|b 63413507
|c 20130328
|
| 801 |
|
2 |
|a RU
|b 63413507
|c 20190206
|g RCR
|
| 942 |
|
|
|c BK
|